00610nam a2200193Ii 450000100060000000300090000600800410001502000150005604000330007104100080010408200170011210000190012924501290014826400460027730000120032333600260033533700280036133800270038920325CO-ViMGA241108s9999||||xx |||||||||||||| ||und|| a8474321778 aCO-ViMGAbspaerdacCO-ViMGA0 aspa04a301.161 V37c1 aEliseo Verón10aConstruir el acontecimiento :blos medios de comunicación masiva y el accidente en la central nuclear de Three Mile Island 1aMadrid, España : Editorial Gedisa, 2002 avolumen atextbtxt2rdacontent aunmediatedbn2rdamedia avolumebnc2rdacarrier